| 000 | 01908nam a2200397 c 4500 | ||
|---|---|---|---|
| 003 | BLK | ||
| 005 | 20240604102314.0 | ||
| 008 | 180409b bul|||||r ||||||| ||bul|| | ||
| 010 | _aKNG00104782000 | ||
| 020 |
_a954-8166-65-8 _bиздат.: Д-р Иван Богоров |
||
| 040 | _aBLK | ||
| 041 |
_aBUL _cBUL |
||
| 080 |
_aБългарска литература _b821.163.2 _x.09(075.3) _z821.163.2.09(075.3) |
||
| 080 |
_aЛитературна дейност. Редактиране. Култура на речта. Стилистика. Литературна техника _b808 _x _z808 |
||
| 100 | 1 |
_aВасева, Милена Петрова _eпърви автор _9364002 |
|
| 700 | 1 |
_aИванов, Николай Кирилов _eсъавт. _9308177 |
|
| 700 | 1 |
_aМихайлова, Весела Василева _997747 |
|
| 139 |
_aВасева, Милена Петрова и др. _bВ 23 |
||
| 245 | 1 | 0 |
_aТворби, интерпретации, съчинения _bПомагало по литература за ХІ кл. _cМилена Петрова Васева; съавт. Николай Кирилов Иванов; съавт. Весела Василева Михайлова. |
| 257 | _aBGR | ||
| 260 |
_аСофия _bД-р Иван Богоров _c2002 _fСофия : ПК Д. Благоев |
||
| 300 |
_a191 с. _c24 см |
||
| 380 | _a82 | ||
| 650 | 4 |
_aБългарска литература - критика _9241969 |
|
| 650 | 4 |
_aСъчинение и преразказ _9262069 |
|
| 653 | _aбългарска литература | ||
| 653 | _aучебни помагала | ||
| 653 | _aсъчинение разсъждение | ||
| 653 | _aпреразказ | ||
| 852 | _aЦб 213661 | ||
| 856 | 4 |
_qpdf _u |
|
| 856 | 4 |
_qpdf _u |
|
| 942 |
_cKNG _n0 _04 |
||
| 944 |
_aCR _c01.01.2002 _k30560 _lГеновева Генчева |
||
| 944 |
_aED _c25.10.2006 _k |
||
| 999 |
_c99768 _d99768 |
||